000 00229nam a22000857a 4500
008 160706b xxu||||| |||| 00| 0 eng d
100 _92362
_a Meyers, J
245 _aQuestion & Answer Book
260 _aNew York
_b Playmore
_cMCMLXXXVIII
999 _c2039
_d2039